000 00640nam a2200229Ia 4500
003 OSt
005 20220923225933.0
006 a|||||r|||| 00| 0
007 ta
008 Pun
024 _a276,028
037 _cTextual
040 _aARTS
_cARTS
_bPun
041 _2Pun
_aPun
082 _aO153,2x, K9
100 _aਫੁਲ, ਗੁਰਦਿਆਲ ਸਿੰਘ
245 0 _aਪੰਜਾਬੀ ਪ੍ਰਤੀਨਿਧ ਇਕਾਂਗੀ
260 _c1969
650 _aਪੰਜਾਬੀ ਸਾਹਿਤ
942 _hO153,2x, K9
_cTEXL
_2CC
999 _c381451
_d381451